Provinces of Belgium (Wallonia and Brussels) - Statistics

General Stats
  • This quiz has been taken 18 times
  • The average score is 5 of 6
Answer Stats
Picture Answer % Correct
Liège
100%
Luxembourg
87%
Namur
87%
Hainaut
73%
Walloon Brabant
60%
Brussels Capital
47%
No matching quizzes found
Score Distribution
Percent of People with Each Score
Percentile by Number Answered
Your Score History
You have not taken this quiz